|
|
|
|
| LEADER |
00000nab a2200000 a 4500 |
| 001 |
vtls000211849 |
| 003 |
SK-MaSNL |
| 005 |
20260304171321.0 |
| 008 |
250423c19841985xo 0 slo |
| 015 |
|
|
|a SNBRB19rr/mm-uuuuu
|
| 035 |
|
|
|a CL0221963
|
| 035 |
|
|
|a urn:nbn:sk:snk-abbemo
|
| 035 |
|
|
|a (urnnbn)urn:nbn:sk:snk:ar-002lkb
|
| 035 |
|
|
|a (uuid)cf28c9fb-a192-4f5c-8f88-25f4de593fd6
|
| 040 |
|
|
|a SNKBUCL
|b slo
|c SNKBUCL
|e AACR2
|
| 041 |
0 |
|
|a cze
|
| 044 |
|
|
|a xo
|c SK
|
| 080 |
|
|
|a 373.24:37.018.1:37.03
|2 1981
|
| 080 |
|
|
|a 37.018.1
|2 1981
|
| 080 |
|
|
|a 37.03
|2 1981
|
| 100 |
1 |
|
|a Švandová, Ludmila
|4 aut
|9 1499666
|
| 245 |
1 |
0 |
|a Vytváření základů socialistického vlastenectví a proletářskeho internacionalizmu
|c Ludmila Švandová
|
| 300 |
|
|
|b Obr. 1., lit. 20 zázn. v češ.
|
| 650 |
0 |
7 |
|a materské školy
|2 snkbucl
|9 1278
|
| 650 |
0 |
7 |
|a rodina
|2 snkbucl
|9 4138
|
| 650 |
0 |
7 |
|a výchova k vlastenectvu
|2 snkbucl
|9 90332
|
| 650 |
0 |
7 |
|a výchova k internacionalizmu
|2 snkbucl
|9 926627
|
| 655 |
|
7 |
|a články z novín a časopisov
|2 snkbucl
|9 267496
|
| 773 |
0 |
|
|t Predškolská výchova
|g Roč. 39, č. 4 (1984/1985), s. 11-15
|
| 850 |
|
|
|a Slovenská národná knižnica
|
| 852 |
|
|
|a Slovenská národná knižnica
|
| 958 |
|
|
|a article15
|
| 958 |
|
|
|a NB
|
| 958 |
|
|
|a RK
|
| 958 |
|
|
|a CZ
|
| 958 |
|
|
|a OND
|
| 958 |
|
|
|a EUIPO
|
| 992 |
|
|
|a RBX
|
| 999 |
|
|
|c 2992749
|d 2994679
|